logo

Bir Sreshtho Munshi Abdur Rouf Library
Jhenaidah Cadet College

The prose works of Mīr Maśārraf Hosen, 1869-1899 / (Record no. 8240)

MARC details
000 -LEADER
fixed length control field 00876nam a2200289 i 4500
001 - CONTROL NUMBER
JCCL Control Number 8240
003 - CONTROL NUMBER IDENTIFIER
JCCL marc code BD-JhCC
005 - DATE AND TIME OF LATEST TRANSACTION
control field 20181120100252.0
008 - FIXED-LENGTH DATA ELEMENTS--GENERAL INFORMATION
fixed length control field 760410s1975 pk af b 001 0 eng
020 ## - INTERNATIONAL STANDARD BOOK NUMBER
Terms of availability Tk40.00
035 ## - SYSTEM CONTROL NUMBER
system control number (BD-JhCC)
040 ## - CATALOGING SOURCE
Original cataloging agency DLC
Transcribing agency DLC
Modifying agency DLC
041 ## - LANGUAGE CODE
Language code of Book eng
050 00 - LIBRARY OF CONGRESS CALL NUMBER
Classification number PK1718.H845
Item number Z575 1975
082 00 - DEWEY DECIMAL CLASSIFICATION NUMBER
Classification number 891.44
Author mark and Year AWW 1975
100 1# - MAIN ENTRY--PERSONAL NAME
Personal name Awwal, Mohammad Abdul,
Dates associated with a name 1932-
245 14 - TITLE STATEMENT
Title The prose works of Mīr Maśārraf Hosen, 1869-1899 /
Statement of responsibility, etc Mohammad Abdul Awwal.
250 ## - EDITION STATEMENT
Edition statement 1st ed.
260 ## - PUBLICATION, DISTRIBUTION, ETC. (IMPRINT)
Place of publication, distribution, etc [Chittagong] :
Name of publisher, distributor, etc University of Chittagong,
Date of publication, distribution, etc 1975.
300 ## - PHYSICAL DESCRIPTION
Pagination 329p. :
Other physical details ill. ;
Dimensions 22 cm.
500 ## - GENERAL NOTE
General note Originally presented as the author's thesis, University of London, 1967.
500 ## - GENERAL NOTE
General note Includes index.
504 ## - BIBLIOGRAPHY, ETC. NOTE
Bibliography, etc Bibliography: p. 303-323.
600 10 - SUBJECT ADDED ENTRY--PERSONAL NAME
Personal name Husain, Mir Musharraf,
Dates associated with a name 1848-1911
General subdivision Prose.
942 ## - ADDED ENTRY ELEMENTS (KOHA)
Source of classification or shelving scheme Dewey Decimal Classification
Koha item type Books
Holdings
Source of classification or shelving scheme Damaged status Not for loan Home library Current library Shelving location Total Checkouts Full call number Barcode Date last seen Copy number Koha item type
Dewey Decimal Classification     JCC Rouf Library JCC Rouf Library General Stacks   891.44 AWW 1975 9697 02/20/2018 C - 1 Books

JCC Library | Contacts | JCC Home

Last Update on 23 September 2017
Copyright @ 2017-2020 JCC Rouf Library
Rouf Library, Jhenidah Cadet College (JCC), Bangladesh